000 00339nam a22001457a 4500
008 230317b ||||| |||| 00| 0 eng d
020 _a9780205063550
041 _aeng
080 _2SECOND EDITION
_a159.9
082 _a159.9FEL
100 _a25
101 _aPSI
245 _aDISCOVERING THE LIFE SPAN
_cFELDMAN.S.R
942 _2udc
_cBK
999 _c59381
_d59381